Economics of shortages (Record no. 75723)

MARC details
000 -LEADER
fixed length control field 00992nam a2200193 a 4500
008 - FIXED-LENGTH DATA ELEMENTS--GENERAL INFORMATION
fixed length control field 120416s1980 ||||||||||||||||| || u
050 ## - LIBRARY OF CONGRESS CALL NUMBER
Classification number HC 244 Kor
100 ## - MAIN ENTRY--PERSONAL NAME
Personal name Kornai, Janos
245 10 - TITLE STATEMENT
Title Economics of shortages
260 ## - PUBLICATION, DISTRIBUTION, ETC.
Place of publication, distribution, etc. Amsterdam
Name of publisher, distributor, etc. North-Holland
Date of publication, distribution, etc. 1980
300 ## - PHYSICAL DESCRIPTION
Extent 2v
350 ## -
-- 0.00
650 ## - SUBJECT ADDED ENTRY--TOPICAL TERM
Topical term or geographic name entry element ECONOMIC SHORTAGES
650 #0 - SUBJECT ADDED ENTRY--TOPICAL TERM
Topical term or geographic name entry element ECONOMICS
995 ## -
-- ANNEX COLLECTION (Main Library)
-- 0.00
-- 705344
-- CBU-MAIN LIBRARY (Kitwe)
-- 1
-- 0.00
-- HC 244 Kor
-- 1
-- AVAILABLE
-- 002828
-- Annex Low-Usage Collection
995 ## -
-- ANNEX COLLECTION (Main Library)
-- 0.00
-- 705346
-- CBU-MAIN LIBRARY (Kitwe)
-- 3
-- 0.00
-- HC 244 Kor
-- 3
-- AVAILABLE
-- 002829
-- Annex Low-Usage Collection
995 ## -
-- ANNEX COLLECTION (Main Library)
-- 0.00
-- 705347
-- CBU-MAIN LIBRARY (Kitwe)
-- 2
-- 0.00
-- HC 244 Kor
-- 2
-- AVAILABLE
-- 002830
-- Annex Low-Usage Collection
995 ## -
-- ANNEX COLLECTION (Main Library)
-- 0.00
-- 705345
-- CBU-MAIN LIBRARY (Kitwe)
-- 4
-- 0.00
-- HC 244 Kor
-- 4
-- AVAILABLE
-- 002831
-- Annex Low-Usage Collection
999 ## -
-- 75723
-- 75723
Holdings
Withdrawn status Lost status Source of classification or shelving scheme Damaged status Not for loan Permanent Location Current Location Shelving location Date acquired Total Checkouts Full call number Barcode Date last seen Copy number Price effective from Koha item type
          CBU-MAIN LIBRARY, KITWE. CBU-MAIN LIBRARY, KITWE.   04/24/2023   HC 244 Kor 002828 04/24/2023 1 04/24/2023 MONOGRAPH
Withdrawn         CBU-MAIN LIBRARY, KITWE. CBU-MAIN LIBRARY, KITWE.   04/24/2023   HC 244 Kor 002829 04/24/2023 2 04/24/2023 MONOGRAPH
Withdrawn         CBU-MAIN LIBRARY, KITWE. CBU-MAIN LIBRARY, KITWE.   04/24/2023   HC 244 Kor 002830 04/24/2023 3 04/24/2023 MONOGRAPH
Withdrawn         CBU-MAIN LIBRARY, KITWE. CBU-MAIN LIBRARY, KITWE.   04/24/2023   HC 244 Kor 002831 04/24/2023 4 04/24/2023 MONOGRAPH